000 00410 a2200169 4500
001 72598
020 _a8526261924
040 _cAnchieta - Colégio São Paulo
100 _aMagalhães, Raimundo
240 1 0 _aHistórias de fantasia e mistério
_lpor
245 1 0 _aHistórias de fantasia e mistério
300 _a79
362 0 _a2006
440 1 _aScipione
650 4 _aLiteratura juvenil
942 _cBK
999 _c72598
_d72598